[Event "Tourn. n9786"]
[Site "www.chess-mail.com"]
[Date "2018.08.28"]
[Round "1"]
[White "Gvladutz"]
[Black "Jaroslavpech"]
[WhiteElo "2550"]
[BlackElo "2460"]
[Result "1-0"]
[Round "1"]
1.c4 e5
2.Nb1c3 Ng8f6
3.g3 Bf8b4
4.Ng1f3 Nb8c6
5.Bf1g2 O-O
6.O-O d6
7.d3 h6
8.Bc1e3 Bb4xc3
9.bxc3 Bc8d7
10.Ra1b1 b6
11.Nf3e1 Rf8e8
12.Ne1c2 e4
13.h3 Nc6e5
14.g4 Ne5g6
15.Qd1d2 c5
16.f4 exf3
17.Bg2xf3 d5
18.cxd5 Bd7a4
19.Be3f2 Nf6xd5
20.c4 Nd5f4
21.Bf2g3 Ba4xc2
22.Qd2xc2 Re8e3
23.Kh2 Qd8g5
24.Bg3f2 Ra8e8
25.Rb1e1 Ng6h4
26.Bf2xe3 Re8xe3
27.Qc2d2 Qg5e5
28.Kh1 Nf4xh3
29.Re1b1 Nh3g5
30.Rb1e1 g6
31.a3 h5
32.gxh5 Ng5xf3
33.exf3 Nh4xf3
34.Re1xe3 Qe5xh5
35.Kg2 Qh5g4
36.Kf2 Nf3xd2
37.Rf1e1 Qg4f4
38.Ke2 Nd2b3
39.Kd1 Qf4f6
40.d4  { time }
1-0

[Event "Tourn. n9866"]
[Site "www.echecsemail.com"]
[Date "2018.08.28"]
[Round "1"]
[White "Coolant"]
[Black "Cathar"]
[WhiteElo "2390"]
[BlackElo "2370"]
[Result "0-1"]
[Round "1"]
1.Nb1c3 d5
2.d4 e6
3.e4 Bf8b4
4.e5 c5
5.a3 Bb4xc3
6.bxc3 Ng8e7
7.Qd1g4 O-O
8.Bf1d3 Nb8c6
9.Qg4h4 Ne7g6
10.Qh4xd8 Rf8xd8
11.Bc1e3 Ng6h4
12.Be3g5 Nh4xg2
13.Kf1 f6
14.exf6 gxf6
15.Bg5xf6 Rd8f8
16.Kxg2 Rf8xf6
17.Ng1f3 Bc8d7
18.Bd3b5 Ra8f8
19.Bb5e2 cxd4
20.cxd4 Nc6xd4
21.Nf3xd4 Rf6xf2
22.Kg3 e5
23.Be2b5 Bd7xb5
24.Nd4xb5 Rf8f3
25.Kg4 Kg7
26.Ra1g1 Kh6
27.Rg1g3 Rf3f4
28.Kh3 Rf2xc2
29.Nb5xa7 Rc2b2
30.Rh1g1 d4
31.Na7c8 e4
32.Nc8e7 Rb2b5
33.Ne7g8 Kh5
34.Rg3g4 Rb5b3
35.Rg1g3 Rb3xg3
36.Rg4xg3 e3
37.Rg3g7 e2
38.Rg7xh7 Kg6
39.Rh7e7 d3
40.Kg3 d2
{ resign }
0-1

[Event "Match"]
[Site "www.echecsemail.com"]
[Date "2018.08.28"]
[Round "1"]
[White "Deneb"]
[Black "Whitekknight"]
[WhiteElo "1600"]
[BlackElo "1880"]
[Result "1-0"]
[Round "1"]
1.e4 e5
2.Ng1f3 Nb8c6
3.Bf1c4 h6
4.O-O Ng8f6
5.d4 exd4
6.e5 Nf6h7
7.Nf3xd4 Nc6xe5
8.Rf1e1 Bf8d6
9.f4 O-O
10.fxe5 Bd6c5
11.Bc1f4 Rf8e8
12.c3 d6
13.exd6 cxd6
14.Nb1d2 a6
15.Re1xe8 Qd8xe8
16.Qd1f3 Bc5xd4
17.cxd4 Nh7f6
18.Bf4xd6 Qe8d7
19.Bd6c5 Ra8b8
20.Ra1e1 Qd7c7
21.Re1e7 Qc7d8
22.Re7xf7 Qd8a5
23.Rf7f8 Kh7
24.Bc4d3 g6
25.Qf3xf6 { resign }
1-0

[Event "Tourn. n9873"]
[Site "www.echecsemail.com"]
[Date "2018.08.28"]
[Round "1"]
[White "Passaroa25"]
[Black "Redapond1"]
[WhiteElo "1690"]
[BlackElo "1400"]
[Result "1-0"]
[Round "1"]
1.Nb1c3 d5
2.d4 Ng8f6
3.f3 Bc8f5
4.e3 Nb8c6
5.Ng1e2 Nc6b4
6.e4 dxe4
7.fxe4 Bf5xe4
8.Nc3xe4 Nf6xe4
9.c3 Nb4c6
10.Ne2g3 Ne4xg3
11.hxg3 e5
12.Bc1e3 Bf8d6
13.g4 O-O
14.d5 Nc6e7
15.Bf1c4 f6
16.O-O Kh8
17.b4 c6
18.Rf1e1 cxd5
19.Bc4xd5 Ne7xd5
20.Qd1xd5 Ra8b8
{ time. }
1-0

[Event "Tourn. n9898"]
[Site "www.echecsemail.com"]
[Date "2018.08.28"]
[Round "1"]
[White "Coolant"]
[Black "Krystek23"]
[WhiteElo "2350"]
[BlackElo "2520"]
[Result "0-1"]
[Round "1"]
1.f4 Ng8f6
2.Ng1f3 g6
3.d4 Bf8g7
4.e3 d6
5.Bf1d3 Bc8g4
6.h3 Bg4d7
7.O-O Bd7f5
8.g4 Bf5d7
9.Qd1e2 Qd8c8
10.Nb1d2 c5
11.c3 Nb8c6
12.dxc5 dxc5
13.e4 h5
14.g5 Nf6h7
15.h4 Bd7h3
16.Rf1f2 Qc8e6
17.Kh2 Bh3g4
18.Bd3c4 Qe6d7
19.Nd2b3 b6
20.Bc1e3 O-O
21.Ra1d1 Qd7c7
22.e5 Rf8d8
23.Bc4d5 Nh7f8
24.Bd5e4 Rd8xd1
25.Qe2xd1 Ra8d8
26.Rf2d2 f6
27.Be4d5 Rd8xd5
28.Rd2xd5 fxe5
29.Qd1f1 exf4
30.Be3g1 e5
31.Nb3d2 Nc6e7
32.c4 Ne7xd5
33.cxd5 Qc7d7
34.Qf1d3 Qd7a4
{ resign }
0-1

[Event "Match"]
[Site "www.echecsemail.com"]
[Date "2018.08.28"]
[Round "1"]
[White "Virgil08bv"]
[Black "Apdash"]
[WhiteElo "2540"]
[BlackElo "1810"]
[Result "1-0"]
[Round "1"]
1.e4 e5
2.Ng1f3 Nb8c6
3.Bf1b5 d6
4.d4 exd4
5.Nf3xd4 Bc8d7
6.Nb1c3 Ng8f6
7.O-O Nc6xd4
8.Bb5xd7 Qd8xd7
9.Qd1xd4 Bf8e7
10.Bc1g5 O-O
11.e5 Nf6e8
12.Bg5f4 Qd7f5
13.Nc3d5 Qf5d7
14.Nd5xe7 Qd7xe7
15.Rf1e1 dxe5
16.Bf4xe5 Qe7d8
17.Qd4c5 c6
18.Ra1d1 Qd8b6
19.Qc5e7 f6
20.Qe7e6 Kh8
21.Qe6e7 Rf8g8
22.Be5d4 Qb6c7
23.Bd4c3 Qc7xe7
24.Re1xe7 b5
25.Bc3a5 a6
26.Rd1d7 c5
27.Rd7a7 Ne8d6
28.Re7xg7 Ra8xa7
29.Rg7xa7 Nd6c4
30.Ba5c3 Nc4e5
31.Ra7xa6 b4
32.Bc3xe5 fxe5
33.Kf1 Rg8g5
34.a4 bxa3
35.Ra6xa3 e4
36.Ra3a5 Kg7
37.b4 Rg5e5
38.Ra5xc5 Re5e7
39.Ke2 Kf6
40.b5 Re7b7
41.c4 Rb7g7
42.b6 Rg7b7
43.Rc5c6 Ke5
44.Ke3 h5
45.c5 Kd5
46.Rc6c7 Rb7b8
47.b7 { resign }
1-0

[Event "Tourn. n9887"]
[Site "www.echecsemail.com"]
[Date "2018.08.28"]
[Round "1"]
[White "J1j6"]
[Black "Fabos12"]
[WhiteElo "1940"]
[BlackElo "1970"]
[Result "1-0"]
[Round "1"]
1.e3 e6
2.d4 Nb8c6
3.c4 d5
4.c5 e5
5.Bf1b5 Ng8e7
6.dxe5 a6
7.Bb5d3 Nc6xe5
8.Qd1c2 Ne5xd3
9.Qc2xd3 Bc8f5
10.Qd3b3 b6
11.cxb6 cxb6
12.Nb1c3 Ra8b8
13.Ng1e2 Bf5e6
14.Ne2d4 Be6g4
15.f3 Bg4h5
16.O-O Bh5g6
17.Rf1d1 Qd8d6
18.e4 f6
19.exd5 Bg6f7
20.Rd1e1 g6
21.Qb3a4 Kd8
22.Nd4e6 Bf7xe6
23.dxe6 Qd6c6
24.Qa4xa6 Kc7
25.Bc1f4 { resign }
1-0

[Event "Tourn. n9914"]
[Site "www.echecsemail.com"]
[Date "2018.08.28"]
[Round "1"]
[White "Alessiov"]
[Black "Bojan"]
[WhiteElo "2260"]
[BlackElo "2020"]
[Result "1-0"]
[Round "1"]
1.e4 e5
2.Ng1f3 d6
3.Bf1c4 h6
4.O-O Ng8f6
5.d4 exd4
6.e5 Nf6h7
7.e6 Bc8xe6
8.Bc4xe6 fxe6
9.Nf3xd4 Qd8d7
10.Nd4xe6 Rh8g8
11.Rf1e1 Bf8e7
12.Nb1c3 Nb8c6
13.Nc3d5 Ra8c8
14.Bc1xh6 g6
15.Ne6g5 Nh7xg5
16.Nd5f6 Kd8
17.Nf6xd7 Ng5f7
18.Nd7c5 Nf7xh6
19.Nc5xb7 Ke8
20.Qd1d5 Nh6f7
21.Qd5xc6 Kf8
22.Qc6d7 { resign }
1-0

[Event "Match"]
[Site "www.echecsemail.com"]
[Date "2018.08.28"]
[Round "1"]
[White "Minorsana"]
[Black "Hundegana"]
[WhiteElo "1459"]
[BlackElo "2060"]
[Result "1-0"]
[Round "1"]
1.e4 e5
2.Ng1f3 f6
3.Nf3xe5 fxe5
4.Qd1h5 g6
5.Qh5xe5 Qd8e7
6.Qe5xh8 Qe7xe4
7.Kd1 Ng8e7
8.Nb1c3 Qe4g4
9.f3 Qg4h4
10.Bf1b5 Qh4f2
11.Rh1e1 Qf2xg2
12.Re1xe7 Kxe7
13.Nc3d5 Kd6
14.Qh8f6 Kxd5
15.c4 Kc5
16.b4 Kxb4
17.Ra1b1 Ka5
18.Qf6c3 Kb6
19.c5 Bf8xc5
20.Bb5a4 Ka6
21.Qc3d3 b5
22.Qd3xb5 
1-0

[Event "Tourn. n9817"]
[Site "www.echecsemail.com"]
[Date "2018.08.28"]
[Round "1"]
[White "Fabos12"]
[Black "Falcoale"]
[WhiteElo "1920"]
[BlackElo "1980"]
[Result "0-1"]
[Round "1"]
1.d4 Ng8f6
2.c4 e6
3.Bc1g5 h6
4.Bg5h4 b6
5.Nb1c3 Bc8b7
6.e3 Bf8e7
7.Bh4xf6 Be7xf6
8.e4 O-O
9.Ng1f3 d6
10.Qd1c2 Nb8d7
11.Bf1d3 e5
12.d5 c6
13.b4 Ra8c8
14.O-O c5
15.b5 Nd7b8
16.Nc3e2 a6
17.a4 Nb8d7
18.Ne2g3 a5
19.Nf3d2 Bf6g5
20.Ng3f5 Qd8f6
21.Nd2f3 Rf8d8
22.Nf3xg5 Qf6xg5
23.Nf5xd6 Rc8c7
24.Nd6f5 Nd7f8
25.f4 exf4
26.d6 Rc7d7
27.e5 Nf8e6
28.Nf5e7 Kf8
29.Ra1e1 Ne6d4
30.Qc2f2 Rd7xe7
31.dxe7 Kxe7
32.Bd3e4 Bb7xe4
33.Re1xe4 Nd4e6
34.Re4e1 Rd8d4
35.Qf2c2 h5
36.Re1e4 Qg5h6
37.Rf1d1 g5
38.Re4xd4 Ne6xd4
39.Qc2e4 Qh6g6
40.Qe4b7 Kf8
41.Qb7d7 Qg6e6
42.Qd7d8 Kg7
43.Qd8xg5 Qe6g6
44.Qg5xf4 Nd4e2
{ resign }
0-1

[Event "Match"]
[Site "www.echecsemail.com"]
[Date "2018.08.28"]
[Round "1"]
[White "Minorsana"]
[Black "J1j6"]
[WhiteElo "1459"]
[BlackElo "1940"]
[Result "1-0"]
[Round "1"]
1.e4 c5
2.Ng1f3 e6
3.d4 Nb8c6
4.d5 exd5
5.exd5 Nc6b8
6.d6 Qd8b6
7.Qd1e2 Kd8
8.Nf3e5 Qb6b4
9.c3 Bf8xd6
10.Ne5xf7 Kc7
11.cxb4 Ng8f6
12.Nf7xd6 Kxd6
13.Bc1f4 Kc6
14.Qe2b5 { resign }
1-0

[Event "Match"]
[Site "www.echecsemail.com"]
[Date "2018.08.28"]
[Round "1"]
[White "J1j6"]
[Black "Guidom"]
[WhiteElo "1850"]
[BlackElo "2190"]
[Result "1/2-1/2"]
[Round "1"]
1.b3 d5
2.Bc1b2 c6
3.e3 Ng8f6
4.d3 Bc8f5
5.Ng1f3 e6
6.Nb1c3 Bf8b4
7.Nf3d4 Bf5g6
8.g3 O-O
9.Bf1e2 Nb8d7
10.f4 c5
11.Nd4f3 Nd7b6
12.O-O d4
13.exd4 cxd4
14.Nc3b5 Nf6g4
15.Bb2xd4 Nb6d5
16.Qd1c1 a6
17.Nb5a3 Qd8d6
18.Na3c4 Qd6c6
19.Nc4e5 Ng4xe5
20.Nf3xe5 Qc6d6
21.Ne5xg6 hxg6
22.c4 Bb4a3
23.c5 Ba3xc1
24.cxd6 Bc1a3
25.Be2f3 Ba3xd6
26.Bf3xd5 { draw }
1/2-1/2

[Event "Tourn. n9883"]
[Site "www.echecsemail.com"]
[Date "2018.08.28"]
[Round "1"]
[White "Stepanpech"]
[Black "Rons"]
[WhiteElo "2480"]
[BlackElo "2620"]
[Result "0-1"]
[Round "1"]
1.d4 Ng8f6
2.c4 e6
3.Ng1f3 d5
4.Nb1c3 c6
5.e3 Nb8d7
6.Bf1d3 dxc4
7.Bd3xc4 b5
8.Bc4d3 Bf8d6
9.b3 Bc8b7
10.O-O O-O
11.Bc1b2 a6
12.a4 Qd8e7
13.Rf1e1 Rf8d8
14.Ra1c1 Bd6b4
15.axb5 cxb5
16.e4 Nd7f8
17.Qd1e2 Nf8g6
18.g3 Ra8c8
19.Rc1c2 Bb4a3
20.Bb2a1 h6
 { time }
0-1

[Event "1/8 Finale"]
[Site "www.chess-mail.com"]
[Date "2018.08.28"]
[Round "1"]
[White "Asoka"]
[Black "Maxiboi"]
[WhiteElo "2690"]
[BlackElo "2900"]
[Result "1/2-1/2"]
[Round "1"]
1.d4 Ng8f6
2.c4 g6
3.Nb1c3 Bf8g7
4.e4 d6
5.Ng1f3 O-O
6.Bf1e2 e5
7.d5 a5
8.O-O Nb8a6
9.Bc1e3 Nf6g4
10.Be3g5 f6
11.Bg5h4 Ng4h6
12.Nf3d2 Nh6f7
13.a3 Bg7h6
14.Nd2b3 b6
15.Be2d3 Bc8d7
16.f3 Bh6e3
17.Kh1 Be3g5
18.Bh4f2 f5
19.exf5 gxf5
20.Bd3c2 Qd8f6
21.Nb3c1 Qf6h6
22.Nc1e2 Kh8
23.Bc2a4 Bd7xa4
24.Qd1xa4 Rf8g8
25.Qa4c2 f4
26.Nc3e4 Na6c5
27.Bf2xc5 bxc5
28.b4 axb4
29.axb4 Ra8xa1
30.Rf1xa1 cxb4
31.Ne2c1 Qh6g7
{ draw }
1/2-1/2

[Event "Tourn. n9786"]
[Site "www.chess-mail.com"]
[Date "2018.08.29"]
[Round "1"]
[White "Jaroslavpech"]
[Black "Conde7"]
[WhiteElo "2460"]
[BlackElo "2860"]
[Result "1/2-1/2"]
[Round "1"]
1.e4 c5
2.Ng1f3 d6
3.d4 cxd4
4.Nf3xd4 Ng8f6
5.Nb1c3 a6
6.Bc1e3 e5
7.Nd4b3 Bc8e6
8.f3 Nb8d7
9.g4 Bf8e7
10.Qd1d2 O-O
11.O-O-O b5
12.g5 Nf6h5
13.Nc3d5 Be6xd5
14.exd5 f5
15.gxf6 Be7xf6
16.Nb3a5 Qd8e8
17.Rh1g1 Nh5f4
18.Kb1 Qe8h5
19.Rg1g4 Bf6g5
20.Rg4g3 Bg5h4
21.Na5b7 Bh4e7
22.Nb7a5 Rf8f7
23.c4 Be7h4
24.Ka1 Ra8b8
25.Rg3g4 Nd7f6
26.Be3xf4 exf4
27.Bf1h3 Rf7f8
28.Na5c6 Rb8e8
29.Rg4g1 Qh5xf3
30.Bh3e6 Kh8
31.cxb5 axb5
32.Nc6d4 Qf3e4
33.Nd4xb5 Qe4e5
34.Nb5a3 Nf6e4
35.Qd2c2 Ne4g5
36.Na3c4 Qe5f6
37.Nc4xd6 Re8d8
38.Nd6f5 Ng5xe6
39.Nf5xh4 Ne6d4
40.Qc2e4 Nd4b5
41.Qe4g2 Rf8f7
42.Qg2e2 Qf6b6
43.d6 Nb5xd6
44.a3 Rd8e8
45.Qe2d3 Nd6e4
46.Qd3c2 Rf7f8
47.Nh4f3 Ne4f6
{ draw }
1/2-1/2

[Event "Tourn. n9789"]
[Site "www.chess-mail.com"]
[Date "2018.08.29"]
[Round "1"]
[White "Francesco"]
[Black "Osopanda"]
[WhiteElo "1930"]
[BlackElo "1870"]
[Result "1-0"]
[Round "1"]
1.e4 c5
2.Ng1f3 d6
3.d4 cxd4
4.Nf3xd4 Ng8f6
5.Nb1c3 a6
6.Bc1g5 e6
7.Bf1c4 Bf8e7
8.O-O O-O
9.Rf1e1 b5
10.Bc4b3 Bc8b7
11.Nd4f3 Nb8d7
12.Bg5f4 Qd8c7
13.h3 e5
14.Bf4g3 Nd7c5
15.Bb3d5 Nf6xd5
16.Nc3xd5 Bb7xd5
17.Qd1xd5 Qc7b7
18.Ra1d1 Qb7xd5
19.Rd1xd5 Rf8c8
20.c3 Nc5e6
21.Nf3d2 g6
22.f3 Ne6f4
23.Bg3xf4 exf4
24.e5 dxe5
25.Re1xe5 Be7f6
26.Re5e4 Bf6g7
27.Re4xf4 Rc8d8
28.Rd5xd8 Ra8xd8
29.Nd2b3 Rd8d6
30.Kf2 f5
31.g4 fxg4
32.fxg4 a5
33.Nb3d4 b4
34.Ke2 bxc3
35.bxc3 Rd6d5
36.Kd3 a4
37.Kc4 Rd5a5
38.Kb4 Ra5a7
39.Kb5 Bg7xd4
40.Rf4xd4 a3
41.Rd4a4 Ra7b7
42.Kc6 Rb7b2
43.Ra4xa3 Rb2h2
44.c4 Kf7
45.c5 h5
46.gxh5 gxh5
47.Kc7 Ke7
48.c6 Rh2c2
49.Kb7 Kd8
50.Ra3d3 Ke8
51.c7 Rc2b2
52.Rd3b3 Rb2xa2
53.c8Q { resign }
1-0

[Event "Tourn. n9866"]
[Site "www.echecsemail.com"]
[Date "2018.08.29"]
[Round "1"]
[White "Coolant"]
[Black "Gvladutz"]
[WhiteElo "2390"]
[BlackElo "2550"]
[Result "0-1"]
[Round "1"]
1.d4 Ng8f6
2.Bc1f4 e6
3.Ng1f3 b6
4.e3 Bc8b7
5.Bf1d3 Bf8e7
6.O-O Nf6h5
7.Nb1d2 Nh5xf4
8.exf4 c5
9.f5 cxd4
10.Nf3xd4 e5
11.Nd4f3 Qd8c7
12.Qd1e2 Nb8c6
13.Rf1e1 O-O
14.Bd3e4 Ra8d8
15.c4 d6
16.Ra1d1 Bb7a6
17.Be4d5 Nc6b4
18.Qe2e4 Rd8c8
19.Re1e3 Nb4xd5
20.cxd5 Qc7d7
21.Re3a3 Ba6b5
22.g4 Rc8c5
23.b4 Rc5c7
24.Rd1e1 Rf8c8
25.Re1e3 Rc7c2
26.g5 Be7xg5
27.Nf3xg5 Rc2xd2
28.f6 Rc8c1
29.Kg2 Bb5f1
30.Kg3 g6
31.Re3c3 Rc1xc3
32.Ra3xc3 Rd2d4
33.Qe4f3 h6
34.Rc3c1 Rd4f4
{ resign }
0-1

[Event "Tourn. n9898"]
[Site "www.echecsemail.com"]
[Date "2018.08.29"]
[Round "1"]
[White "Coolant"]
[Black "Numanoid"]
[WhiteElo "2350"]
[BlackElo "2520"]
[Result "0-1"]
[Round "1"]
1.Ng1f3 b5
2.e3 a6
3.a4 b4
4.b3 Bc8b7
5.Bc1b2 e6
6.d4 Ng8f6
7.Nb1d2 c5
8.Bf1d3 Bf8e7
9.O-O d5
10.Qd1e2 O-O
11.e4 dxe4
12.Nd2xe4 cxd4
13.Nf3xd4 Nb8d7
14.Ne4xf6 Nd7xf6
15.Rf1d1 Qd8c7
16.Ra1c1 Be7d6
17.h3 Bd6h2
18.Kh1 Bh2f4
19.Rc1a1 Rf8e8
20.a5 e5
21.Nd4f5 Qc7c8
22.f3 e4
23.fxe4 Bb7xe4
24.Bd3xe4 Nf6xe4
25.Qe2g4 Ne4f2
{ resign }
0-1

[Event "Match"]
[Site "www.echecsemail.com"]
[Date "2018.08.29"]
[Round "1"]
[White "Witpar"]
[Black "Apdash"]
[WhiteElo "2700"]
[BlackElo "2070"]
[Result "1-0"]
[Round "1"]
1.d4 Ng8f6
2.c4 d5
3.cxd5 Qd8xd5
4.Nb1c3 Qd5d8
5.e4 e6
6.Ng1f3 c5
7.Bc1f4 a6
8.d5 exd5
9.exd5 Bf8d6
10.Qd1e2 Kd7
11.Bf4xd6 Kxd6
12.Nc3b5 axb5
13.Qe2e5 Kd7
14.Bf1xb5 Nb8c6
15.dxc6 bxc6
16.O-O-O { resign }
1-0

[Event "Tourn. n9928"]
[Site "www.echecsemail.com"]
[Date "2018.08.29"]
[Round "1"]
[White "J1j6"]
[Black "Kuriero"]
[WhiteElo "1890"]
[BlackElo "2060"]
[Result "0-1"]
[Round "1"]
1.d4 Ng8f6
2.c4 e6
3.Nb1c3 d5
4.cxd5 exd5
5.Bc1f4 c6
6.e3 Bc8f5
7.Bf1d3 Bf5xd3
8.Qd1xd3 Bf8d6
9.Bf4g5 Nb8d7
10.e4 dxe4
11.Nc3xe4 Bd6b4
12.Ne4c3 O-O
13.Ng1e2 Qd8a5
14.O-O Qa5xg5
15.f4 Qg5g6
16.f5 Qg6g5
17.Rf1f4 Bb4d6
18.Rf4f3 Rf8e8
19.Ra1f1 Re8e7
20.Ne2g3 Ra8e8
21.Nc3e2 h5
22.Ne2f4 Bd6xf4
23.Rf3xf4 h4
24.Ng3h1 Nf6d5
25.Rf4f3 Nd7f6
26.Nh1f2 Nd5e3
27.Nf2h3 Qg5xg2

0-1

[Event "Tourn. n9911"]
[Site "www.echecsemail.com"]
[Date "2018.08.29"]
[Round "1"]
[White "Alessiov"]
[Black "Ssharp"]
[WhiteElo "2260"]
[BlackElo "2220"]
[Result "1-0"]
[Round "1"]
1.e4 e6
2.d4 d5
3.Nb1c3 Bf8b4
4.e5 c5
5.a3 Bb4xc3
6.bxc3 Ng8e7
7.Qd1g4 Qd8c7
8.Qg4xg7 Rh8g8
9.Qg7xh7 cxd4
10.Ng1e2 Nb8c6
11.Qh7d3 dxc3
12.f4 d4
13.Ne2xd4 Nc6xd4
14.Qd3xd4 Ne7f5
15.Bf1b5 Bc8d7
16.Qd4xd7 Qc7xd7
17.Bb5xd7 Kxd7
18.Kf2 Nf5d4
19.Rh1d1 { resign }
1-0

[Event "Tourn. n9859"]
[Site "www.echecsemail.com"]
[Date "2018.08.29"]
[Round "1"]
[White "Ff333"]
[Black "Tarasch"]
[WhiteElo "2170"]
[BlackElo "2130"]
[Result "0-1"]
[Round "1"]
1.e4 c5
2.Bf1c4 d6
3.h3 Ng8f6
4.d3 e6
5.Nb1c3 a6
6.Bc1g5 Bf8e7
7.Ng1f3 Nb8c6
8.a3 O-O
9.O-O Qd8c7
10.Qd1d2 b5
11.Bc4b3 Bc8b7
12.Qd2f4 h6
13.Bg5xh6 gxh6
14.Qf4xh6 Nf6h7
15.Bb3xe6 fxe6
16.Qh6xe6 Rf8f7
17.Nc3d5 Qc7d8
18.Qe6g6 Rf7g7
19.Qg6e6 Kh8
20.c4 Qd8g8
21.Qe6xg8 Ra8xg8
22.g3 Nh7g5
23.Nf3xg5 Be7xg5
24.cxb5 axb5
25.Kh2 Nc6d4
26.Nd5c3 Bg5d2
27.Ra1d1 Bd2xc3
28.bxc3 Nd4e2
29.c4 bxc4
30.dxc4 Ne2d4
31.e5 dxe5
{ resign }
0-1

[Event "Tourn. n9891"]
[Site "www.echecsemail.com"]
[Date "2018.08.29"]
[Round "1"]
[White "Dougbeer"]
[Black "Cvilhena1976"]
[WhiteElo "2039"]
[BlackElo "2150"]
[Result "1-0"]
[Round "1"]
1.e4 e5
2.Ng1f3 Nb8c6
3.Bf1c4 Bf8c5
4.b4 Bc5xb4
5.c3 Bb4d6
6.d4 exd4
7.O-O dxc3
8.Nb1xc3 Ng8f6
9.e5 Bd6xe5
10.Nf3xe5 Nc6xe5
11.Rf1e1 Qd8e7
12.Bc1b2 d6
13.f4 O-O
14.fxe5 dxe5
15.Qd1b3 Rf8d8
16.Nc3e4 Bc8e6
17.Ne4xf6 gxf6
18.Qb3g3 Kf8
19.Bc4xe6 fxe6
20.Bb2xe5 Rd8d5
21.Re1e3 Ra8c8
22.Qg3f4 Kf7
23.Ra1f1 f5
24.Qf4h6 Rc8g8
25.Qh6xh7 Kf8
26.Qh7h6 Ke8
27.Be5xc7 Kd7
28.Bc7g3 Rg8c8
29.Bg3h4 Qe7f7
30.Re3g3 Rc8g8
31.Rg3xg8 Qf7xg8
32.Qh6f6 Kc8
33.Bh4g3 b6
34.Qf6e7 e5
35.Rf1c1 Rd5c5
36.Rc1xc5 bxc5
37.Qe7xc5 Kd8
38.Qc5d6 Ke8
39.Qd6xe5 Kf8
40.Qe5b8 Kf7
41.Qb8xg8 Kxg8
42.Kf2 Kf7
43.Kf3 Ke6
44.Kf4 Kf6
45.Bg3e1 a6
46.Be1c3 Kg6
47.h4 { resign }
1-0

[Event "Tourn. n9829"]
[Site "www.echecsemail.com"]
[Date "2018.08.29"]
[Round "1"]
[White "Pablincho"]
[Black "Cal"]
[WhiteElo "1809"]
[BlackElo "1620"]
[Result "0-1"]
[Round "1"]
1.e4 e5
2.Ng1f3 d6
3.h3 a6
4.Nb1c3 Nb8c6
5.Bf1c4 h6
6.d4 exd4
7.Nf3xd4 Nc6e5
8.Bc4b3 Ng8f6
9.O-O c5
10.Nd4e2 Bf8e7
11.f4 Ne5g6
12.f5 Ng6e5
13.Bc1f4 b5
14.a3 O-O
15.Ne2g3 c4
16.Bb3a2 Ne5c6
17.Nc3d5 Nc6e5
18.Qd1d4 Bc8b7
19.Bf4xe5 dxe5
20.Qd4xe5 Be7d6
21.Qe5d4 Bb7xd5
22.Rf1f3 Bd5xe4
23.Ng3xe4 Bd6h2
24.Kxh2 Qd8xd4
25.Ne4c3 Rf8e8
26.Ra1d1 Ra8b8
27.Rd1xd4 a5
28.b4 axb4
29.axb4 Re8e5
30.g4 Rb8e8
31.Kg3 h5
32.Ba2xc4 bxc4
33.Rd4xc4 hxg4
34.hxg4 Re8d8
35.Kf4 Re5e7
36.g5 Nf6e8
37.Nc3e4 Ne8c7
38.f6 Re7d7
39.c3 g6
40.Ne4f2 Nc7e6
41.Kg4 Rd7d2
42.Nf2h3 Rd2g2
 { time }
0-1

[Event "Match"]
[Site "www.echecsemail.com"]
[Date "2018.08.29"]
[Round "1"]
[White "Rindrandria"]
[Black "Ranjachess"]
[WhiteElo "1780"]
[BlackElo "1800"]
[Result "0-1"]
[Round "1"]
1.g3 d5
2.f4 Bc8f5
3.d3 c5
4.Bf1g2 e6
5.c4 Ng8f6
6.cxd5 exd5
7.Qd1a4 Nb8d7
8.e4 dxe4
9.dxe4 Qd8e7
10.e5 Ra8b8
11.Qa4xa7 b5
12.Bg2c6 Qe7e6
13.Qa7xb8 Ke7
14.Qb8xb5 Nf6e4
15.Qb5a4 Nd7b6
16.Qa4a7 Nb6d7
17.Bc6b7 Qe6c4
18.b3 Qc4xc1
19.Ke2 Qc1b2
20.Kf3 Qb2f2

0-1

[Event "Tourn. n9908"]
[Site "www.echecsemail.com"]
[Date "2018.08.29"]
[Round "1"]
[White "Bojan"]
[Black "Ssharp"]
[WhiteElo "2020"]
[BlackElo "2220"]
[Result "0-1"]
[Round "1"]
1.e4 e6
2.d4 d5
3.exd5 exd5
4.a3 Ng8f6
5.Bc1g5 Bf8e7
6.Bf1d3 O-O
7.Ng1f3 h6
8.Bg5h4 Rf8e8
9.O-O Nb8d7
10.Rf1e1 c6
11.Nb1d2 Nd7f8
12.h3 Bc8e6
13.Nf3h2 Qd8b6
14.Nd2b3 Nf8d7
15.Ra1b1 Be7d6
16.Nh2f3 Qb6c7
17.Re1e3 Bd6f4
18.Re3e2 g5
19.Bh4g3 Bf4xg3
20.fxg3 Qc7xg3
21.Qd1e1 Qg3f4
22.Qe1f2 b6
23.Rb1f1 Kg7
24.Qf2e1 Qf4c7
25.Nf3e5 Nd7xe5
26.dxe5 Nf6h5
27.Nb3d4 Nh5f4
28.Rf1xf4 gxf4
29.Qe1h4 Qc7e7
30.Qh4xf4 Qe7g5
31.Qf4f2 c5
32.Nd4b5 Re8g8
33.Re2e3 Kh8
34.h4 Qg5g7
35.Nb5d6 d4
36.Re3e2 Be6d5
37.Bd3e4 Bd5xe4
38.Re2xe4 Ra8f8
39.Nd6f5 Qg7g6
40.Nf5d6 Kh7
41.Re4f4 Rg8g7
42.Nd6f5 Rf8g8
43.Nf5xg7 Rg8xg7
44.Kh2 Kg8
45.Qf2e2 Qg6g3
{ resign }
0-1

[Event "Match"]
[Site "www.echecsemail.com"]
[Date "2018.08.29"]
[Round "1"]
[White "Ff333"]
[Black "Add"]
[WhiteElo "2200"]
[BlackElo "2230"]
[Result "1-0"]
[Round "1"]
1.e4 d6
2.d4 c6
3.c4 Ng8f6
4.Nb1c3 h6
5.h3 Nb8d7
6.f4 e6
7.Ng1f3 a6
8.Bf1e2 Bf8e7
9.e5 dxe5
10.fxe5 Nf6h7
11.O-O Nd7b6
12.c5 Nb6d5
13.Qd1b3 b5
14.Nc3xd5 exd5
15.Nf3h2 Be7g5
16.Qb3f3 Bc8e6
17.Nh2g4 Bg5xc1
18.Ra1xc1 Nh7g5
19.Qf3f4 a5
20.a3 a4
21.h4 Ng5e4
22.g3 O-O
23.Be2d3 Be6xg4
24.Qf4xg4 f5
25.Rf1xf5 Rf8xf5
26.Qg4xf5 Qd8e7
27.Bd3xe4 dxe4
28.Qf5xe4 Qe7e6
29.Kg2 Ra8f8
30.Rc1d1 Rf8d8
31.Rd1d3 Kh8
32.Rd3f3 Kg8
33.g4 Rd8f8
34.Rf3f5 Rf8e8
35.g5 Re8d8
36.Qe4g4 Qe6d5
37.Kg3 Qd5b3
38.Rf5f3 { resign }
1-0

[Event "Match"]
[Site "www.echecsemail.com"]
[Date "2018.08.29"]
[Round "1"]
[White "Goofy"]
[Black "J1j6"]
[WhiteElo "2340"]
[BlackElo "1970"]
[Result "1-0"]
[Round "1"]
1.e4 c5
2.d4 cxd4
3.c3 dxc3
4.Nb1xc3 e6
5.Ng1f3 Bf8b4
6.Qd1d4 Bb4xc3
7.Qd4xc3 Ng8f6
8.Bf1d3 O-O
9.e5 Nf6d5
10.Bd3xh7 Kxh7
11.Nf3g5 Kg8
12.Qc3h3 Rf8e8
13.Qh3h7 Kf8
14.Qh7h5 g6
15.Qh5h7 { resign }
1-0

[Event "Tourn. n9899"]
[Site "www.echecsemail.com"]
[Date "2018.08.29"]
[Round "1"]
[White "Francesco"]
[Black "Fabos12"]
[WhiteElo "1840"]
[BlackElo "1960"]
[Result "1-0"]
[Round "1"]
1.d4 e6
2.e4 Nb8c6
3.c4 d5
4.cxd5 exd5
5.e5 f6
6.Ng1f3 Bc8g4
7.Bf1b5 fxe5
8.dxe5 Ng8e7
9.O-O a6
10.Bb5xc6 bxc6
11.Bc1g5 h6
{ time. }
1-0

[Event "Match"]
[Site "www.echecsemail.com"]
[Date "2018.08.29"]
[Round "1"]
[White "Bjonil60"]
[Black "Lug47"]
[WhiteElo "1490"]
[BlackElo "1550"]
[Result "1-0"]
[Round "1"]
1.d4 d6
2.Ng1f3 Nb8c6
3.e3 Ng8f6
4.h3 e5
5.Qd1e2 b5
6.b3 Bf8e7
7.g3 O-O
8.g4 h6
9.Nf3h2 exd4
10.exd4 Rf8e8
11.Nh2f3 d5
12.c3 Nc6a5
13.b4 Na5c4
14.Nb1d2 Nc4d6
15.Nf3e5 Nf6e4
16.Nd2xe4 Nd6xe4
17.Rh1g1 Be7h4
18.Bf1g2 Bh4xf2
19.Kf1 Qd8h4
20.Rg1h1 Bc8e6
21.a3 Ne4g3
22.Kxf2 Ng3e4
23.Kg1 f5
24.gxf5 Be6xf5
25.Bc1e3 Re8f8
26.Bg2xe4 Bf5xe4
27.Rh1h2 Rf8f5
28.Ra1f1 Ra8f8
29.Ne5g6 Rf5xf1
30.Qe2xf1 Rf8f3
31.Qf1e2 Rf3g3
32.Kf1 Qh4f6
33.Ng6f4 Rg3f3
34.Ke1 Qf6h4
35.Kd2 c5
36.dxc5 d4
37.Be3xd4 Qh4xf4
38.Bd4e3 Qf4f5
39.Qe2xb5 Be4c2
40.Qb5c4 Kh8
41.Be3d4 Bc2b1
42.Kc1 Rf3f1
43.Kb2 Qf5c2
44.Ka1 Bb1a2
45.Qc4xf1 Ba2b3
46.Rh2xc2 Bb3xc2
47.Qf1f7 Bc2h7
48.Qf7xg7 
1-0

[Event "Tourn. n9918"]
[Site "www.echecsemail.com"]
[Date "2018.08.29"]
[Round "1"]
[White "Vasylpuzanov"]
[Black "Picifarkinca"]
[WhiteElo "1370"]
[BlackElo "1450"]
[Result "0-1"]
[Round "1"]
1.e4 c5
2.Ng1f3 Nb8c6
3.d4 cxd4
4.Nf3xd4 Ng8f6
5.Nb1c3 e6
6.Bc1g5 Bf8e7
7.Nd4xc6 bxc6
8.Bg5xf6 Be7xf6
9.Qd1d2 d5
 { time }
0-1

[Event "Match"]
[Site "www.echecsemail.com"]
[Date "2018.08.29"]
[Round "1"]
[White "Minorsana"]
[Black "Ericleo1980"]
[WhiteElo "1459"]
[BlackElo "2000"]
[Result "1-0"]
[Round "1"]
1.e4 c5
2.Ng1f3 d6
3.d4 cxd4
4.Nf3xd4 Ng8f6
5.Nb1c3 a6
6.Bf1e2 e6
7.O-O Bf8e7
8.f4 Qd8c7
9.Bc1e3 b5
10.e5 dxe5
11.fxe5 Nf6d7
{ time. }
1-0

[Event "1/16 Finale"]
[Site "www.chess-mail.com"]
[Date "2018.08.29"]
[Round "1"]
[White "Gvladutz"]
[Black "Nimzo"]
[WhiteElo "2550"]
[BlackElo "2850"]
[Result "0-1"]
[Round "1"]
1.e4 e5
2.Ng1f3 Ng8f6
3.Nb1c3 Nb8c6
4.d4 exd4
5.Nf3xd4 Bf8b4
6.Nd4xc6 bxc6
7.Bf1d3 d5
8.exd5 cxd5
9.Qd1e2 Bb4e7
10.O-O O-O
11.Rf1e1 Bc8e6
12.Nc3b5 c5
13.c4 a6
14.Nb5c3 d4
15.Nc3e4 Rf8e8
16.Bc1f4 g6
17.Qe2f3 Ra8c8
18.Ne4xf6 Be7xf6
19.Qf3b7 a5
20.Qb7a6 Bf6e7
21.Qa6b5 Be6d7
22.Qb5b7 Bd7e6
23.Qb7a6 Rc8a8
24.Qa6c6 a4
25.Ra1b1 Qd8c8
26.Qc6f3 Ra8a6
27.Bd3e4 Be6g4
28.Qf3a3 Be7f8
29.Qa3d3 Ra6e6
30.f3 Bg4f5
31.Bf4g3 Bf5xe4
32.Re1xe4 Re6xe4
33.fxe4 Bf8h6
34.h3 f5
35.exf5 Re8e3
36.Qd3d2 Qc8a8
37.Qd2f2 Qa8e4
38.Rb1f1 Re3e2
39.Qf2f3 gxf5
40.Kh1 d3
41.Rf1d1 Bh6e3
42.Bg3c7 Qe4xf3
43.gxf3 d2
44.Bc7a5 Kg7
45.b3 Kh6
46.Ba5xd2 Re2xd2
47.Rd1xd2 Be3xd2
48.bxa4 Kg5
49.Kg2 Kf4
50.Kf2 Bd2a5
51.h4 h5
52.Ke2 Kg3
{ resign }
0-1